Logo BPK

Biblioteka

Politechniki Koszalińskiej

Prawo europejskie / (Rekord nr 32303)

Szczegóły MARC
000 -ETYKIETA REKORDU
podpole kontrolne o stałej długości 00885nam a2200289 i 4500
001 - NUMER KONTROLNY REKORDU
pole kontrolne bg
020 ## - MIĘDZYNARODOWY ZNORMALIZOWANY NUMER KSIĄŻKI - ISBN
ISBN 8371100620
040 ## - ŹRÓDŁO KATALOGOWANIA
Instytucja, która utworzyła rekord BPK
041 1# - KOD JĘZYKA
Kod języka tekstu pl
Kod języka oryginału de
080 ## - UNIWERSALNA KLASYFIKACJA DZIESIĘTNA - UKD
UKD 34(4-67)
080 ## - UNIWERSALNA KLASYFIKACJA DZIESIĘTNA - UKD
UKD (075.8)
920 ## - Międzynarodowy znormalizowany numer książki – ISBN
ISBN 83-7110-062-0
008 - POLE O STAŁEJ DŁUGOŚCI - DANE KONTROLNE
podpole kontrolne o stałej długości s pl f |000 0 pol
100 1# - NAZWA OSOBOWA
Nazwa osobowa Ahlt, Michael.
245 10 - TYTUŁ/ODPOWIEDZIALNOŚĆ
Tytuł Prawo europejskie /
Pozostałe elementy strefy tytułu i oznaczenia odpowiedzialności Michael Ahlt ; red. i konsultacja nauk. wyd. pol. Jerzy A. Wojciechowski ; [tł. z niem. Anna Rubinowicz].
246 1# - WARIANT TYTUŁU
Treść wyrażenia wprowadzającego Tyt. oryg.:
Tytuł Europarecht
260 ## - STREFA ADRESU WYDAWNICZEGO
Miejsce wydania Warszawa :
Nazwa wydawcy/dystrybutora C. H. Beck,
Data publikacji, dystrybucji/powstania dokumentu 1996.
300 ## - STREFA OPISU FIZYCZNEGO
Objętość 228 s. ;
Rozmiary 21 cm.
490 1# - STREFA SERII I DOKUMENTU WIELOCZĘŚCIOWEGO - FORMA NIE DO WYSZUKIWANIA
Tytuł i oznaczenie odpowiedzialności serii Podręczniki Prawnicze
500 ## - UWAGI OGÓLNE
Tekst uwagi Oryg. : [Europarecht, 1993].
504 ## - UWAGA DOTYCZĄCA BIBLIOGRAFII
Informacje o bibliografii Indeks.
650 #4 - HASŁO PRZEDMIOTOWE W FORMIE NAZWY OGÓLNEJ LUB JEDNOSTKOWEJ
Nazwa ogólna lub geograficzna Prawo wspólnotowe europejskie
Określnik chronologiczny stan na 1995 r.
650 #4 - HASŁO PRZEDMIOTOWE W FORMIE NAZWY OGÓLNEJ LUB JEDNOSTKOWEJ
Nazwa ogólna lub geograficzna Podręczniki akademickie
700 1# - HASŁO DODATKOWE - NAZWA OSOBOWA
Nazwa osobowa Wojciechowski, Jerzy A.
Określenie związku między hasłem a opisywanym materiałem Red.
830 ## - HASŁO DODATKOWE SERII LUB DOKUMENTU WIELOCZĘŚCIOWEGO - TYTUŁ UJEDNOLICONY
Tytuł ujednolicony Podręczniki Prawnicze
856 ## - LOKALIZACJA I DOSTĘP DO ELEKTRONICZNYCH DOKUMENTÓW ZDALNYCH
Link (URL) http://koha.tu.koszalin.pl/cgi-bin/koha/opac-detail.pl?biblionumber=32303
Tekst linku Katalog online BPK
942 ## - DODATKOWE ELEMENTY (KOHA)
Typ dokumentu Książka
Egzemplarze
Wycofany Status egzemplarza Uszkodzony Dostępność Lokalizacja stała Lokalizacja bieżąca Miejsce przechowywania Sygnatura Kod kreskowy Typ dokumentu
      Dostępny Biblioteka Politechniki Koszalińskiej Biblioteka Politechniki Koszalińskiej Wypożyczalnia BG 40973 01277531 Książka
      Dostępny Biblioteka Politechniki Koszalińskiej Biblioteka Politechniki Koszalińskiej Wypożyczalnia BG 40974 01277524 Książka
© 2023 Biblioteka Politechniki Koszalińskiej :: KOHA